Statistics for Continental Geography Decoder

Click here to take the quiz!

General Stats

  • This quiz has been taken 43,616 times
    (40,656 since last reset)
  • The average score is 21 of 36

Answer Stats

ContinentClueAnswer% Correct
AfricaLast country alphabeticallyZimbabwe
96%
AfricaMadagascar touches this oceanIndian
95%
EuropeLargest city of NorwayOslo
90%
EuropeOverseas territory of DenmarkGreenland
86%
South AmericaLongest river in the AmericasAmazon
85%
AfricaBurundi's northern neighborRwanda
82%
EuropeThis bridge is falling downLondon Bridge
81%
AfricaAlgeria's official languageArabic
79%
South AmericaCapital and largest city of ChileSantiago
74%
EuropeEnglish name of WienVienna
71%
EuropeSea touching Italy, Croatia, etc.Adriatic Sea
69%
AfricaAsmara is its capital cityEritrea
69%
AsiaTallest mountain in EurasiaEverest
67%
AsiaCompanion of the EuphratesTigris
64%
North AmericaFive-letter Great LakeHuron
62%
South AmericaOfficial language of SurinameDutch
61%
AfricaZAIRE
59%
OceaniaWesternmost major city in OceaniaPerth
58%
North AmericaSecond biggest city in OntarioOttawa
57%
North AmericaEastern USA mountain rangeAppalachian
55%
EuropeVOLGA
55%
OceaniaAlso known as Ayers RockUluru
54%
South AmericaIsland known for its 900+ moaiEaster Island
52%
AsiaPeninsula of Thailand and VietnamIndochina
51%
North AmericaFormerly known as Mount McKinleyDenali
48%
South AmericaANDES
47%
OceaniaTerm for a ring-shaped coral islandAtoll
47%
North AmericaNarrow strip of land. Panama is oneIsthmus
47%
AsiaTIBET
44%
Asia"Kalimantan" is part of this islandBorneo
43%
North AmericaIDAHO
42%
OceaniaPALAU
41%
AsiaSubarctic forest biome in SiberiaTaiga
41%
OceaniaHighest mountain in New ZealandAoraki
21%
OceaniaTaupo is a type of thisLake
18%
South AmericaCapital of Rio Grande do NorteNatal
13%

Score Distribution

Percentile by Number Answered

Percent of People with Each Score

Your Score History

You have not taken this quiz since the last reset